Objetivos para la enseñanza efectiva
Guardat en:
| Autor principal: | |
|---|---|
| Format: | Llibre |
| Idioma: | espanyol |
| Publicat: |
Caracas
Salesiana
1971
|
| Matèries: | |
| Etiquetes: |
Afegir etiqueta
Sense etiquetes, Sigues el primer a etiquetar aquest registre!
|
MARC
| LEADER | 00000nam a2200000 a 4500 | ||
|---|---|---|---|
| 001 | UCZ0647 | ||
| 003 | CL-VaPUC | ||
| 008 | 950804e19710000VE |||||||||||||||||spa|d | ||
| 082 | 0 | 4 | |a 370.11 |b MAG |2 21 |
| 100 | |a Mager, Robert F. |e autor |9 554736 | ||
| 245 | 1 | 0 | |a Objetivos para la enseñanza efectiva |
| 300 | |a 62 p | ||
| 942 | |c BK | ||
| 945 | |d 19950804 00:00:00 |a cmena | ||
| 260 | |a Caracas |b Salesiana |c 1971 | ||
| 650 | 7 | |a PAPEL DE LA EDUCACION |2 CL-VaPUC |9 338800 | |
| 650 | 0 | |a Planificación de la educación |9 307333 | |
| 650 | 0 | |a Comunicación |9 257251 | |
| 650 | 0 | |a Rol del docente |9 329733 | |
| 650 | 0 | |a Evaluación de la educación |9 237505 | |
| 650 | 7 | |a RENDIMIENTO |2 CL-VaPUC |9 260872 | |
| 583 | |a last modification |c 19950804 00:00:00 |k Rodrigo Vera | ||
| 999 | |c 237560 |d 237558 | ||
| 952 | |0 0 |1 0 |4 0 |6 370_110000000000000_MAG_1971 |7 0 |8 P |9 246872 |a BIBEDU |b BIBEDU |c BIBEDU_PB |d 2019-11-18 |i 1552198 |o 370.11 MAG 1971 |p 1552198 |r 2024-01-25 |w 2019-11-18 |y BK |k EDU | ||